Daimler 360 degrees: facts on sustainability 2007

Gespeichert in:
Bibliographische Detailangaben
Format: Buch
Sprache:Englisch
Veröffentlicht: Stuttgart DaimlerChrysler AG 2007
Schlagworte:
Tags: Tag hinzufügen
Keine Tags, Fügen Sie das erste Tag hinzu!

MARC

LEADER 00000nam$a2200000$$$4500
001 0070338
005 20240108123836.9
041 0 |a eng 
044 |a DE 
245 1 0 |a Daimler  |b 360 degrees: facts on sustainability 2007 
264 1 |a Stuttgart  |b DaimlerChrysler AG  |c 2007 
300 |a 66 s. 
610 2 0 |a automobily 
610 2 0 |a výroba 
610 2 0 |a firmy 
610 2 0 |a podnikanie 
610 2 0 |a ochrana prostredia životného 
610 2 0 |a rast hospodársky 
610 2 0 |a politika sociálna 
610 2 0 |a rozvoj podniku 
610 2 0 |a ekológia 
610 2 0 |a zamestnanci 
610 2 0 |a filiálky 
610 2 0 |a zákazníci 
610 2 0 |a ciele podnikové 
610 2 0 |a ukazovatele ekonomické